[Event "Quebec-ch U14"]
[Site "Montreal"]
[Date "2011.11.27"]
[Round "5"]
[White "Shi, Yang Tian Jiao"]
[Black "Nikulich, Andrey"]
[Result "1-0"]
[WhiteElo "1693"]
[BlackElo "1379"]
[PlyCount "75"]
[EventDate "2011.11.25"]
[EventType "swiss"]
[EventRounds "5"]
[EventCountry "CAN"]
[SourceTitle "EXT 2022"]
[Source "ChessBase"]
[SourceDate "2021.10.06"]
[SourceVersion "1"]
[SourceVersionDate "2021.10.06"]
[SourceQuality "1"]

1. d4 c5 2. dxc5 Qa5+ 3. Nc3 Qxc5 4. Nf3 Nf6 5. Bf4 e6 6. e4 Qb4 7. Bd3 Bc5 8. Rb1 Qb6 9. 0-0 Nc6 10. Nb5 Qd8 11. Nc7+ Kf8 12. Nxa8 d6 13. e5 Nd5 14. Bg5 f6 15. exf6 gxf6 16. Bh6+ Ke7 17. a3 a6 18. c4 Nc7 19. Nxc7 Qxc7 20. Re1 e5 21. Be3 Bxe3 22. Rxe3 Rg8 23. Bxh7 Rg7 24. Bd3 Qd7 25. Nh4 Nd4 26. Rg3 Rf7 27. Ng6+ Kd8 28. b4 b6 29. Be4 f5 30. Bd5 Rh7 31. Nf8 Qe7 32. Nxh7 Qxh7 33. Rh3 Qe7 34. Qh5 Bd7 35. Qh4 Qxh4 36. Rxh4 e4 37. Rd1 Nc2 38. Bb7 1-0

[Event "North American-ch U14"]
[Site "Montreal"]
[Date "2010.08.18"]
[Round "6"]
[White "Molev, Daniel"]
[Black "Shi, Yang Tian Jiao"]
[Result "1-0"]
[WhiteElo "1218"]
[BlackElo "1327"]
[PlyCount "59"]
[EventDate "2010.08.16"]
[EventType "swiss"]
[EventRounds "7"]
[EventCountry "CAN"]
[SourceTitle "EXT 2013"]
[Source "ChessBase"]
[SourceDate "2012.11.22"]
[SourceVersion "1"]
[SourceVersionDate "2012.11.22"]
[SourceQuality "1"]

1. e4 e5 2. Nf3 Nc6 3. d4 exd4 4. Nxd4 Nf6 5. Nc3 Bb4 6. Nxc6 bxc6 7. Bd2 Qe7 8. f3 d5 9. Bd3 dxe4 10. Nxe4 Bxd2+ 11. Qxd2 Nxe4 12. Bxe4 f5 13. Qc3 Bb7 14. 0-0-0 fxe4 15. fxe4 Qf6 16. Qd3 Rd8 17. Qe3 Qh6 18. Rde1 Qxe3+ 19. Rxe3 0-0 20. e5 Rf2 21. g3 Rdd2 22. e6 Kf8 23. Rb3 Rxc2+ 24. Kb1 Ba6 25. Re1 Bc4 26. e7+ Kf7 27. e8Q+ Kf6 28. Qxc6+ Kg5 29. Re5+ Kg4 30. Qd7+ 1-0

[Event "North American-ch U14"]
[Site "Montreal"]
[Date "2010.08.18"]
[Round "5"]
[White "Qian, Jack"]
[Black "Shi, Yang Tian Jiao"]
[Result "1-0"]
[WhiteElo "855"]
[BlackElo "1327"]
[PlyCount "69"]
[EventDate "2010.08.16"]
[EventType "swiss"]
[EventRounds "7"]
[EventCountry "CAN"]
[SourceTitle "EXT 2013"]
[Source "ChessBase"]
[SourceDate "2012.11.22"]
[SourceVersion "1"]
[SourceVersionDate "2012.11.22"]
[SourceQuality "1"]

1. e4 e5 2. Nf3 Nc6 3. d4 exd4 4. Nxd4 Nf6 5. Nc3 Bb4 6. Nxc6 dxc6 7. Qxd8+ Kxd8 8. Bg5 h6 9. Bxf6+ gxf6 10. 0-0-0+ Ke7 11. Bc4 Be6 12. Bb3 Rad8 13. a3 Bxb3 14. axb4 Rxd1+ 15. Nxd1 Bc4 16. Ne3 Be6 17. f4 Rg8 18. f5 Bd7 19. c4 Kd6 20. Rd1+ Ke7 21. Kc2 h5 22. Kc3 b6 23. Kd2 a6 24. Ke2 Bc8 25. Kf3 Bb7 26. c5 b5 27. g4 hxg4+ 28. Nxg4 Ra8 29. Rd3 Rh8 30. Kg3 Rg8 31. h4 Bc8 32. h5 Rg5 33. Kh4 Rg7 34. e5 fxe5 35. f6+ 1-0

[Event "North American-ch U14"]
[Site "Montreal"]
[Date "2010.08.16"]
[Round "1"]
[White "Shi, Yang Tian Jiao"]
[Black "Zhang, Zhiyuan"]
[Result "1/2-1/2"]
[WhiteElo "1327"]
[BlackElo "1686"]
[PlyCount "100"]
[EventDate "2010.08.16"]
[EventType "swiss"]
[EventRounds "7"]
[EventCountry "CAN"]
[SourceTitle "EXT 2013"]
[Source "ChessBase"]
[SourceDate "2012.11.22"]
[SourceVersion "1"]
[SourceVersionDate "2012.11.22"]
[SourceQuality "1"]

1. e4 e6 2. d4 d5 3. Nc3 dxe4 4. Nxe4 Nd7 5. Nf3 Ngf6 6. Bg5 Be7 7. Nxf6+ Nxf6 8. Be2 h6 9. Bh4 0-0 10. 0-0 b6 11. Ne5 Bb7 12. Bb5 Qd5 13. Qf3 Qxf3 14. Nxf3 a6 15. Be2 Rfd8 16. Rad1 Nd5 17. Bxe7 Nxe7 18. Ne5 f6 19. Ng4 Rd6 20. Rfe1 Kf7 21. Bc4 b5 22. Bb3 Bd5 23. Bxd5 Nxd5 24. c3 Nb6 25. b3 Rad8 26. Ne3 a5 27. a3 Nd5 28. Nxd5 Rxd5 29. Rc1 c5 30. dxc5 Rxc5 31. Kf1 Rd3 32. Re3 Rd6 33. h3 e5 34. Ke2 Rcd5 35. Kf3 Rd2 36. Re2 e4+ 37. Rxe4 Rb2 38. b4 Rdd2 39. Rf1 Rb3 40. bxa5 Rxa3 41. Rb1 Rxa5 42. Ke3 Rc2 43. Rb3 Raa2 44. Rf4 Re2+ 45. Kd4 Rad2+ 46. Kc5 Re5+ 47. Kb6 g5 48. Rf3 Rd6+ 49. Ka5 Rdd5 50. Re3 Rf5 1/2-1/2